<?xml version="1.0" encoding="UTF-8"?>
<marc:record xmlns:marc="http://www.loc.gov/MARC21/slim">
   <marc:leader>00000nam a2200000 a 4500</marc:leader>
   <marc:datafield ind1="1" ind2=" " tag="100">
      <marc:subfield code="a">Hasler, Eveline</marc:subfield>
      <marc:subfield code="4">aut</marc:subfield>
      <marc:subfield code="e">Verfasser/-in</marc:subfield>
   </marc:datafield>
   <marc:datafield ind1="0" ind2="0" tag="245">
      <marc:subfield code="a">Anna Göldin</marc:subfield>
   </marc:datafield>
   <marc:datafield ind1="0" ind2="0" tag="245">
      <marc:subfield code="b">letzte Hexe ; Roman</marc:subfield>
   </marc:datafield>
   <marc:datafield ind1="0" ind2="0" tag="245">
      <marc:subfield code="c">Eveline Hasler</marc:subfield>
   </marc:datafield>
   <marc:datafield ind1=" " ind2="1" tag="264">
      <marc:subfield code="a">München</marc:subfield>
      <marc:subfield code="b">Nagel und Kimche [im Carl Hanser Verl.]</marc:subfield>
      <marc:subfield code="c">2012</marc:subfield>
   </marc:datafield>
   <marc:datafield ind1=" " ind2=" " tag="250">
      <marc:subfield code="a">Unveränderte Neuausg.</marc:subfield>
   </marc:datafield>
   <marc:datafield ind1="1" ind2=" " tag="520">
      <marc:subfield code="a">Wie die Dienstmagd Anna Göldin als Hexe und Kindsmörderin hingerichtet wird. (DR)      1982 bewies die Autorin, dass sie Geschichtsakten in Geschichten zu kleiden vermag. Die Ungerechtigkeit, die der Anna widerfährt, die Gemeinheiten der Familie, bei der sie zuletzt dient, das Besserwissertum ihrer Umwelt: All das macht die Kraft dieses Romans aus. Da ist die Anna, die sich um Kinder und Haushalt der angesehenen Familie kümmert, buckelt und doch die Böse sein muss.  Kursiv gesetzt sind die geschichtlichen Texte, originalgetreu die biografischen Stationen der "letzten Hexe", sprachlich brillant die Dialoge zwischen Anna und ihrer Umwelt, konsequent behält Hasler die Steine-Metapher von Anfang bis Ende bei. Allen Bibliotheken zu empfehlen, die Ausgabe von 1982 kann getrost ersetzt werden.  *bn* Christina Repolust</marc:subfield>
   </marc:datafield>
   <marc:datafield ind1=" " ind2=" " tag="020">
      <marc:subfield code="a">9783312005390</marc:subfield>
      <marc:subfield code="9">9783312005390</marc:subfield>
   </marc:datafield>
   <marc:datafield ind1=" " ind2=" " tag="041">
      <marc:subfield code="a">ger</marc:subfield>
   </marc:datafield>
   <marc:datafield ind1=" " ind2=" " tag="300">
      <marc:subfield code="a">238 S.</marc:subfield>
   </marc:datafield>
</marc:record>
